000 00373nam a2200145Ia 4500
008 220217s9999||||xx |||||||||||||| ||und||
020 _a817409153X
082 _a620.004 JAI
100 _aJain, R K
245 0 _aEngineering metrology
250 _a21
260 _aKhanna publishers
_bNew Delhi
_c2015
300 _aXVI, 1292p.
_b450
650 _aMaterial Science
999 _c186379
_d186379